| 000 | 00705nam a22002177a 4500 | ||
|---|---|---|---|
| 003 | OSt | ||
| 005 | 20230928091404.0 | ||
| 008 | 221006b |||||||| |||| 00| 0 eng d | ||
| 040 | _cBiblioteca Lado V | ||
| 082 |
_a741 _bI65e |
||
| 100 |
_91112 _aIrahete, Walterio _eautor |
||
| 245 | _aES/ | ||
| 260 |
_bKlaus Steinmetz _c2002 _aEscazĂș, Costa Rica |
||
| 300 |
_c20.5x20.5cm _a8p. |
||
| 366 | _espa | ||
| 650 |
_2Tesauro de Arte & Arquitectura _aARTE _9703 |
||
| 650 |
_2Tesauro de Arte & Arquitectura _aDIBUJO _9702 |
||
| 650 |
_2Tesauro de Arte & Arquitectura _aARTE CONTEMPORANEO _9702 |
||
| 650 |
_2Tesauro de Arte & Arquitectura _aFIGURA HUMANA |
||
| 942 |
_2ddc _c1 _h741 _iI65e _n0 |
||
| 999 |
_c4404 _d4404 |
||